[Event "FRA-ch U12 Girls"]
[Site "Le Grand Bornand"]
[Date "2003.??.??"]
[Round "2.7"]
[White "Theze, Charlotte"]
[Black "Forgues, Valerie"]
[Result "1-0"]
[WhiteElo "1370"]
[BlackElo "1550"]
[PlyCount "80"]
[EventDate "2003.??.??"]
[EventType "swiss"]
[EventRounds "9"]
[EventCountry "FRA"]
[SourceTitle "EXT 2004"]
[Source "ChessBase"]
[SourceDate "2003.11.25"]
[SourceVersion "1"]
[SourceVersionDate "2003.11.25"]
[SourceQuality "1"]

1. e4 e5 2. f4 Qh4+ 3. g3 Qe7 4. Nf3 exf4 5. Nc3 fxg3 6. hxg3 Nc6 7. Bc4 Nf6 8. d3 g6 9. Ng5 Ne5 10. Bb3 d6 11. d4 Bg4 12. Bxf7+ Nxf7 13. Qd3 Bg7 14. Rf1 Nxg5 15. Bxg5 h6 16. Bxf6 Bxf6 17. Nd5 Qf7 18. Nxf6+ Kd8 19. Nxg4 Qe6 20. Ne3 Re8 21. e5 c5 22. dxc5 Qxe5 23. Kd2 Qxc5 24. Rf7 Qa5+ 25. c3 Qb6 26. Nc4 Qc6 27. Qxd6+ Qxd6+ 28. Nxd6 Rg8 29. Raf1 Rb8 30. Rf8+ Kc7 31. Rxb8 Rxb8 32. Nb5+ Kb6 33. Nd4 Kc5 34. Nb3+ Kc4 35. Rf4+ Kd5 36. Rf6 Rg8 37. Nc1 Rg7 38. Ne2 Ke5 39. Rf2 a6 40. a4 Kd5 1-0